000 00463nam a2200193Ia 4500
008 101110s9999 xx 000 0 und d
041 _aMARATHI
082 _bSR4671
_a891.4611
100 _aDarshanik
245 _aDnyaneshwari Eshwarya Bhag 1
365 _b1
520 _aMarathi
546 _aMARATHI
630 _aDnyaneshwari Eshwarya Bhag 1
650 _aMarathi
655 _aMarathi
730 _aDnyaneshwari Eshwarya Bhag 1
942 _cBOOK
999 _c800840
_d800837